載入...

International financial management

書目詳細資料
主要作者: Madura, Jeff
格式: Printed Book
出版: South-Western College Publishing:Singapore 2000
版:6 edition
主題:
LEADER 00618nam a2200193 4500
020 |a 324009550  |c 375 
082 |a 658.15I MAD 
100 |a Madura, Jeff 
245 |a International financial management  |c Madura, Jeff 
250 |a 6 edition 
260 |a South-Western College Publishing:Singapore  |c 2000 
300 |a 660 p 
490
500
590 |a Quality Sales and Services  |b 707;27/01/04 
650 |a International financial management 
942 |c BK 
999 |c 137759  |d 137759 
952 |0 0  |1 0  |4 0  |6 658_000000000000000_15I_MAD  |7 0  |9 151219  |a IMK  |b IMK  |g 375.00  |l 0  |o 658.15I MAD  |p IMK04765  |r 2019-10-25  |w 2019-10-25  |y BK